000 00763nam a22002417a 4500
005 20170124110245.0
010 _a919673
020 _c00.00
_a0836400356
035 _a919673
037 _bCen Lib/Ret
040 _aDPL
_bHN
082 _a352.054
_bBHA
100 _aBhargava, B.S.
_997329
245 _aIndian local government :
_cby B.S. Bhargava [and] S. Rama Rao
_ba study /
260 _aCalcutta
_bMinerva Associates
_c1978
270 _a7-B, lake palce
_bCalcutta
_e700029
300 _avii, 247p.
_c21cm(Hb)
500 _aIncludes bibliographical references
650 _aLocal government -- India.
_916962
650 _aPanchayat -- India.
_x
_997330
700 _aRao, S. Rama
_997331
942 _2ddc
_cEN
_h352.054
_mBHA
999 _c135477
_d135477